Mathematics of finance
Saved in:
| Main Author: | |
|---|---|
| Other Authors: | |
| Format: | Book |
| Language: | English |
| Published: |
New York :
McGraw-Hill,
1971
|
| Edition: | 3rd ed. |
| Subjects: | |
| Tags: |
Add Tag
No Tags, Be the first to tag this record!
|
MARC
| LEADER | 00000nam a2200000 i 4500 | ||
|---|---|---|---|
| 001 | 1/56588 | ||
| 008 | 960425s1971 eng d | ||
| 035 | |l 10028049 | ||
| 040 | |a GR-MY-UA |b gre |e aacr | ||
| 041 | 0 | |a eng | |
| 082 | 0 | |a 332.80151 | |
| 100 | 1 | |a Hummel, Paul Matthew |d 1908- | |
| 245 | 1 | 0 | |a Mathematics of finance / |c Paul Hummel, Charles Seebeck |
| 250 | |a 3rd ed. | ||
| 260 | |a New York : |b McGraw-Hill, |c 1971 | ||
| 300 | |a 270 σ. | ||
| 650 | 0 | 0 | |a Business mathematics. |
| 700 | 1 | |a Seebeck, Charles Louis |d 1908- | |
| 852 | |a INST |b CHIOS |e 19960425 |h 332.80151 HUM |p 005200005472 |q 005200005472 |t BK |y 0 | ||
| 909 | |a Χ |b 000624 | ||